000 01015nam a2200325Ia 4500
003 OSt
005 20220912150657.0
006 a|||||r|||| 00| 0
007 ta
008 220909b |||||||| |||| 00| 0 eng d
020 _a9812387560 (pbk)
024 _a13470
037 _b293, 24/01/2005, Ashutosh Technical Books
037 _cTextual
040 _aCSL
_beng
_cCSL
041 _aeng
082 _aC6:212, P4
100 _aHaug Hartmut
245 0 _aQuantum theory of the optical and electronic properties of semiconductors
250 _a4th
260 _aNew Jersey
_b World Scientific
_c2004
300 _axiii, 453p.
_ccm.
500 _aIncludes bibliographical references; Appendix A-B, 421-443p.
_ccm.; Index 445-453p
650 _a Semiconductor
650 _a Semiconductor
650 _aPhysics
700 _a Koch Stephan W
942 _hC6:212, P4
_cTEXL
_2CC
999 _c52331
_d52331